000
00249nam a22000857a 4500
008
140211t xxu||||| |||| 00| 0 eng d
245
_a
Blackstone's International Human Rights Documents
_b
edited by P.R. Ghandhi.
300
_a
vii, 415 p. ;
942
_2
ddc
_c
BK
999
_c
16976
_d
16976